The faith to doubt /

Đã lưu trong:
書目詳細資料
主要作者: Hartshorne, M. Holmes.
格式: Sách giấy
語言:English
出版: Englewood Cliffs, N.J. : Prentice-Hall, 1963.
標簽: 添加標簽
沒有標簽, 成為第一個標記此記錄!
Thư viện lưu trữ: Thư viện Trường Đại học Đà Lạt
LEADER 00620nam a2200265 4500
001 DLU100113344
005 ##20101116
040 # # |a DLU  |b vie 
041 # # |a eng 
044 # # |a us 
082 # # |a 282  |b HA-M 
100 # # |a Hartshorne, M. Holmes. 
245 # # |a The faith to doubt /  |c M. Holmes Hartshorne. 
260 # # |a Englewood Cliffs, N.J. :  |b Prentice-Hall,  |c 1963. 
300 # # |a xi, 111 p. ;  |c 21 cm. 
923 # # |a 100/2010 
992 # # |a 0 
994 # # |a DLU 
900 # # |a True 
911 # # |a Lý Thị Hồng Hạnh 
925 # # |a G 
926 # # |a A 
927 # # |a SH 
980 # # |a Thư viện Trường Đại học Đà Lạt